000 00209 a2200085 4500
020 _a9783836565868
100 _a Philip Jodidio
245 _aAndo: Complete Works 1975-Today
260 _b Taschen America Llc
_c2020
999 _c13302
_d13302